| 000 | 00924nam a22002057a 4500 | ||
|---|---|---|---|
| 999 |
_c26243 _d26243 |
||
| 003 | BDDh-ASL | ||
| 005 | 20231016062613.0 | ||
| 008 | 211002s1984 b ||||| |||| 00| 0 b d | ||
| 040 | _cBDDh-ASL | ||
| 082 |
_a923.72 _bABN |
||
| 100 | 1 |
_94731 _aআবুতালিব, মুহম্মদ |
|
| 245 | 1 | 0 |
_aনওয়াব ফয়েজুন্নেসা চৌধুরাণীঃ _bকবি ও সমাজসেবী / |
| 246 | _aNawab Faizunnesa Choudhurani: Kabi O Samajsebi | ||
| 260 |
_aঢাকা: _bমনোরামা শর্মা, _c১৯৮৪। |
||
| 300 |
_a৮৮ পৃষ্ঠা, : _c২২ সে. মি. |
||
| 504 | _aগ্রন্থপঞ্জি ও নিঘন্ট সংযুক্ত । | ||
| 600 | 1 | 0 |
_94730 _aফয়জুননেসা, নওয়াব |
| 650 | 0 |
_abiographical dictionary - চরিতাভিধান _94665 |
|
| 942 |
_2ddc _cBK |
||